| 000 | 00456nam a2200157 i 4500 | ||
|---|---|---|---|
| 001 | 87469 | ||
| 003 | ES-MaACL | ||
| 005 | 20230906175658.0 | ||
| 007 | t| | ||
| 008 | 041222s1927 xxu ||||1| eng d | ||
| 100 | 1 |
_aKretschmer, Herman L. _968818 |
|
| 245 | 1 | 4 |
_aThe persistence of symptoms after vasostomy / _cHerman L. Kretschmer. |
| 260 |
_aChicago : _bAmerican Medical Association, _c1927. |
||
| 300 |
_a6 p. ; _c22 cm. |
||
| 852 |
_aES-MaACL _j1677-F-15 |
||
| 999 |
_c87469 _d87469 |
||